00783nam a2200217Ii 45000010005000000030009000050080041000140400033000550410008000880820013000961000027001092450063001362640067001993000012002663360026002783370028003043380027003329400050003599990017004099520139004265647CO-ViMGA241108s9999||||xx |||||||||||||| ||und|| aCO-ViMGAbspaerdacCO-ViMGA0 aunk04a843-S1291 aFrancoise Sagan94703010aUn piano en la hierba, el caballo desvanecido y la astilla 1a[Lugar de publicación no identificado] : Plaza y Janes, 1972 avolumen atextbtxt2rdacontent aunmediatedbn2rdamedia avolumebnc2rdacarrier aidficha_siabuc: 5501. -- ficha_no_siabuc:5647 c51722d51722 001040708001aMEVIGERRbMEVIGERRcGENd2006-11-27hVol.1o843-S129pECA4797r2024-11-26 10:08:34tEj.1w2024-11-26yBKz5501 | 7750